000 00615 a2200181 4500
020 _a0-07-030868-3
040 _aDLC
_bDLC
082 _a005.133
100 1 _aHubbard, John R.
245 0 0 _aSchaum's outline of theory and problems of fundamentals of computing with C++
_cJohn R.Hubbard
260 _aNew York :
_bMcGraw-Hill,
_ccop. 1998
300 _aviii, 356 s. :
_bill.
490 0 _aSchaum's outline series
650 7 _aC++ (Computer program language)
740 0 _aFundamentals of computing with C++
740 0 _aTheory and problems of fundamentals of computing with C++
942 _cBK
_k005.133 HUB
_2ddc
999 _c8941
_d8941